Statystyki dla ZKM Gdynia - J

Kliknij tutaj aby rozwiązać quiz!

Ogólne statystyki

  • Ten quiz został rozwiązany 5 razy
  • Średni wynik to 13 z 25

Statystyki odpowiedzi

MiastoPrzystanek% Poprawnych
RumiaRumia Dworzec PKP
100%
RumiaRumia Partyzantów
100%
WejherowoWejherowo Szpital
100%
RedaReda Dworzec PKP
80%
Rumia25-lecia Solidarności
60%
RumiaChełmońskiego
60%
RumiaDąbrowskiego - Kościół
60%
RumiaDąbrowskiego - Most
60%
RumiaKlonowa
60%
RumiaKujawska
60%
RedaObwodowa
60%
RumiaOsiedle Królewskie
60%
RumiaCH "Port Rumia" - Grunwaldzka
40%
WejherowoGdańska
40%
RedaGdańska - Kościół
40%
RedaGdańska - Szkolna
40%
WejherowoObrońców Helu
40%
WejherowoOrzeszkowej
40%
RedaPieleszewo SKM
40%
RumiaRondo Jana Pawła II
40%
WejherowoRybacka
40%
RumiaSłowackiego
40%
WejherowoNanice SKM - Kochanowskiego
20%
WejherowoPruszkowskiego
20%
WejherowoŚmiechowo SKM - Ceynowy
20%

Rozkład punktacji

Percentyl według liczby udzielonych odpowiedzi

Procent ludzi z każdym wynikiem

Twoja historia wyników

Nie rozwiązałeś tego quizu